| 000 | 00643nam a22001697a 4500 | ||
|---|---|---|---|
| 999 |
_c61218 _d61218 |
||
| 005 | 20240109105034.0 | ||
| 008 | 240109s1965 ru ||||| |||| 00| 0 rus d | ||
| 041 | _arus | ||
| 080 | _a91(091) Д-49 | ||
| 100 |
_aДитмар, А.Б. _920864 |
||
| 245 |
_aРодосская параллель : _b Жизнь и деятельность Эратосфена / _cА.Б. Дитмар. |
||
| 264 |
_aМосква : _bМысль, _c1965. |
||
| 300 |
_a72 с. _b20 см. |
||
| 653 | _aროდოსი | ||
| 653 | _aერატოსთენეს ცხოვრება და მოღვაწეობა | ||
| 942 |
_2udc _cᲬᲘᲒᲜᲘ |
||